| 000 | 00504nam a2200157Ia 4500 | ||
|---|---|---|---|
| 008 | 220216s9999 xx 000 0 und d | ||
| 100 | _aRajasekharan P. | ||
| 245 | 0 | _aMultiobjective land use planning model for intercropping in small rubber holdings: A compromise programming approach | |
| 260 |
_bIndian Journal of Natural Rubber Research _c1998 |
||
| 300 | _a31-37 | ||
| 650 | _aIntercropping | ||
| 650 | _aLand use planning | ||
| 650 | _aSmallholdings | ||
| 700 | _aVeeraputhran S. | ||
| 942 | _cBS | ||
| 999 |
_c48331 _d48331 |
||